000 01509 a2200265 4500
003 Nust
005 20220721103611.0
010 _a 2001017642
020 _a0471330361 (cloth : alk. paper)
040 _cNust
082 0 0 _a004.6,STA
100 1 _aSterbenz, James P. G.
_994268
245 1 0 _aHigh speed networking :
_ba systematic approach to high-bandwidth low-latency communication /
_cJames P.G. Sterbenz and Joseph D. Touch ; with contributions from Julio Escobar, Rajesh Krishnan, Chunming Qiao ; technical editor A. Lyman Chapin.
260 _aNew York :
_bWiley,
_cc2001.
300 _axix, 597 p. :
_bill. ;
_c25 cm.
440 0 _aWiley Networking Council series
_994269
505 _aIntroduction Caching Strategies (Page-3), Fundamentals and Design Principles Caching Strategies (Page-13), Network Architecture and Topology Caching Strategies (Page-79), Network Control and Signaling (Page-119), Network Components (Page-165), End Systems (Page-285), End to End Protocols (Page-343), Networked Applications (Page-431).
650 0 _aComputer networks
_xDesign and construction.
_994270
650 0 _aHigh performance computing.
_994234
700 1 _aTouch, Joseph D.
_994271
856 4 2 _3Contributor biographical information
_uhttp://www.loc.gov/catdir/bios/wiley045/2001017642.html
856 4 2 _3Publisher description
_uhttp://www.loc.gov/catdir/description/wiley039/2001017642.html
856 4 2 _3Table of Contents
_uhttp://www.loc.gov/catdir/toc/onix07/2001017642.html
942 _cREF
_2ddc
999 _c174795
_d174795